Diferencia v kontexte bezpečnostnej politiky Japonska

Bezpečnostná politika, faktory a zmeny, ktoré nastali v oblasti bezpečnostnej politiky Japonska. Vzťahy Japonska so Spojenými štátmi americkými, ako aj vplyv globalizácie, ktorý prispel k vzniku nových hrozieb a rizík.

Salvato in:
Dettagli Bibliografici
Autore principale: Borošová, Lucia
Natura: Capitolo di libro
Lingua:slovacco
Soggetti:
Tags: Aggiungi Tag
Nessun Tag, puoi essere il primo ad aggiungerne!!

MARC

LEADER 00000nla a2200000 4500
001 0213350
005 20240502073544.5
041 0 |a slo 
044 |a SK 
245 1 0 |a Diferencia v kontexte bezpečnostnej politiky Japonska  |c Lucia Borošová 
520 |a Bezpečnostná politika, faktory a zmeny, ktoré nastali v oblasti bezpečnostnej politiky Japonska. Vzťahy Japonska so Spojenými štátmi americkými, ako aj vplyv globalizácie, ktorý prispel k vzniku nových hrozieb a rizík. 
610 2 0 |a Japonsko 
610 2 0 |a USA 
610 2 0 |a politika bezpečnostná 
610 2 0 |a vzťahy politické medzinárodné 
610 2 0 |a politika svetová 
610 2 0 |a stabilita politická 
610 2 0 |a globalizácia 
100 1 |a Borošová, Lucia